| 000 | 00873nam a22002537a 4500 | ||
|---|---|---|---|
| 003 | CHAP | ||
| 005 | 20220329134604.0 | ||
| 008 | 971013s r 00010 d | ||
| 010 | _a22638 | ||
| 011 | _a23610 | ||
| 035 | _a27706 | ||
| 040 | _cCHAP | ||
| 090 | _aR-1408 | ||
| 100 | 0 | 0 |
_aAvellar Marquez, Joao Quintiliano de. _98500 |
| 245 | _aConservacao do solo em cafezal | ||
| 500 | _aSobretiro de: Boletim da Superintendencia dos Servicos do Cafe. Sao Paulo. Ns. 233, 235, 236, 237, 238, 239, 242, 243, 244, 245, 246, 247, 251, 252, 253, 254, 256, 257, 262, 270, 279, 1946, 1949. | ||
| 590 |
_aBATCH-UPD _b10 _c20130110 _lUCH01 _h0134 |
||
| 590 |
_aBATCH-UPD _b10 _c20130110 _lUCH01 _h2224 |
||
| 590 |
_aCONVERSION _b10 _c20130109 _lUCH01 _h1313 |
||
| 650 | 1 | 4 |
_aSuelos cafetaleros. _9110538 |
| 901 | _aBK | ||
| 942 | _cREIMP | ||
| 949 |
_bBC _cR _d-64166 _eTS1 _i27706 _si |
||
| 999 |
_c22638 _d22638 |
||